Fruit and vegetables: No Vowels - Statistics

General Stats
  • This quiz has been taken 144 times
  • The average score is 57 of 69
Answer Stats
Hint Answer % Correct
BNNN Banana
99%
PNPPL Pineapple
99%
PCH Peach
98%
BRCCL Broccoli
97%
CRNBRRY Cranberry
97%
GRP Grape
97%
GRPFRT Grapefruit
97%
KW Kiwi
97%
WTRMLN Watermelon
97%
LMN Lemon
95%
LM Lime
95%
MNG Mango
95%
BLCKBRRY Blackberry
94%
BLBRRY Blueberry
94%
CCMBR Cucumber
94%
MSHRM Mushroom
94%
PR Pear
94%
PMGRNT Pomegranate
94%
PMPKN Pumpkin
94%
PPL Apple
93%
CBBG Cabbage
93%
CRRT Carrot
93%
CHRRY Cherry
93%
GRLC Garlic
93%
PSSON FRT Passion Fruit
93%
TMT Tomato
92%
CCNT Coconut
91%
JCKFRT Jackfruit
91%
RDSH Radish
91%
RSBRRY Raspberry
91%
SWTCRN Sweetcorn
91%
SWT PTT Sweet Potato
90%
BRSSLS SPRTS Brussels Sprouts
89%
GNGR Ginger
89%
PLM Plum
89%
CLFLWR Cauliflower
88%
FG Fig
87%
SPNCH Spinach
87%
SQSH Squash
87%
GV Guava
86%
RNG Orange
85%
STRFRT Starfruit
85%
TRNP Turnip
84%
PTT Potato
83%
CLRY Celery
82%
HRS RDSH Horse Radish
82%
PPPR Pepper
82%
CHLL Chilli
81%
PRCT Apricot
79%
PRSNP Parsnip
79%
LK Leek
78%
LYCH Lychee
77%
YM Yam
76%
NCTRN Nectarine
75%
KMQT Kumquat
74%
VCD Avocado
71%
BTRT Beetroot
69%
DT Date
69%
PPY papaya
69%
SPRGS Asparagus
67%
PS Peas
58%
QNC Quince
57%
RTCHK Artichoke
56%
NN Onion
53%
CRGTT Courgette
50%
RMBTN Rambutan
39%
KR Okra
36%
SWD Swede
36%
CLRC celeriac
23%
No matching quizzes found
Score Distribution
Percent of People with Each Score
Percentile by Number Answered
Your Score History
You have not taken this quiz